| 000 | 00000nam##2200000za#4500 |
| 001 | 9.698222 |
| 003 | CaOODSP |
| 005 | 20210624235830 |
| 007 | cr ||||||||||| |
| 008 | 150407|1968||||xxc|||||o f|0| 0 eng|d |
| 040 | |aCaOODSP|beng |
| 043 | |an-cn--- |
| 086 | 1 |aA53-1103/1968E-PDF |
| 110 | 1 |aCanada.|bAgriculture Canada.|bResearch Branch. |
| 245 | 10|aMist beds for rooting cuttings / |h[electronic resource]|c[by] Stuart H. Nelson. |
| 260 | |aOttawa - Ontario : |bAgriculture Canada. |c1961 (1968 printing). |
| 300 | |a16p.|bfigs., photographs |
| 500 | |aHistorical publication digitized by Agriculture and Agri-Food Canada. Reprint. Originally published: 1961. |
| 590 | |a13-17-Supp|b2013-07-25 |
| 690 | 07|aIrrigation|2gcpds |
| 690 | 07|aPlants|2gcpds |
| 690 | 07|aHorticulture|2gcpds |
| 775 | 08|tEnracinement des boutures en couches par nébulisation / |w(CaOODSP)9.641583 |
| 856 | 40|ahttp://publications.gc.ca|qPDF|s1.07 MB|uhttps://publications.gc.ca/collections/collection_2013/aac-aafc/agrhist/A53-1103-1968-eng.pdf |
| 986 | |a1103 |